<?xml version="1.0" encoding="UTF-8"?>
<collection xmlns="http://www.loc.gov/MARC21/slim">
 <record>
  <leader>02992cam a2200553   4500</leader>
  <controlfield tag="001">011241063</controlfield>
  <controlfield tag="003">DE-627</controlfield>
  <controlfield tag="005">20241123110210.0</controlfield>
  <controlfield tag="007">tu</controlfield>
  <controlfield tag="008">710101s1978    gw |||||      00| ||ger c</controlfield>
  <datafield tag="015" ind1=" " ind2=" ">
   <subfield code="a">78,A29,0647</subfield>
   <subfield code="2">dnb</subfield>
  </datafield>
  <datafield tag="020" ind1=" " ind2=" ">
   <subfield code="a">3761604211</subfield>
   <subfield code="9">3-7616-0421-1</subfield>
  </datafield>
  <datafield tag="035" ind1=" " ind2=" ">
   <subfield code="a">(DE-627)011241063</subfield>
  </datafield>
  <datafield tag="035" ind1=" " ind2=" ">
   <subfield code="a">(DE-576)046147217</subfield>
  </datafield>
  <datafield tag="035" ind1=" " ind2=" ">
   <subfield code="a">(DE-599)GBV011241063</subfield>
  </datafield>
  <datafield tag="035" ind1=" " ind2=" ">
   <subfield code="a">(OCoLC)7826791</subfield>
  </datafield>
  <datafield tag="035" ind1=" " ind2=" ">
   <subfield code="a">(OCoLC)07826791</subfield>
  </datafield>
  <datafield tag="040" ind1=" " ind2=" ">
   <subfield code="a">DE-627</subfield>
   <subfield code="b">ger</subfield>
   <subfield code="c">DE-627</subfield>
   <subfield code="e">rakwb</subfield>
  </datafield>
  <datafield tag="041" ind1=" " ind2=" ">
   <subfield code="a">ger</subfield>
  </datafield>
  <datafield tag="044" ind1=" " ind2=" ">
   <subfield code="c">XA-DE</subfield>
  </datafield>
  <datafield tag="082" ind1="0" ind2=" ">
   <subfield code="a">914.34104</subfield>
   <subfield code="q">OCLC</subfield>
  </datafield>
  <datafield tag="084" ind1=" " ind2=" ">
   <subfield code="a">ERD 376</subfield>
   <subfield code="2">sfb</subfield>
  </datafield>
  <datafield tag="084" ind1=" " ind2=" ">
   <subfield code="a">14a</subfield>
   <subfield code="a">15a</subfield>
   <subfield code="a">12a</subfield>
   <subfield code="2">sdnb</subfield>
  </datafield>
  <datafield tag="084" ind1=" " ind2=" ">
   <subfield code="a">NR 3800</subfield>
   <subfield code="2">rvk</subfield>
   <subfield code="0">(DE-625)rvk/129311:</subfield>
  </datafield>
  <datafield tag="084" ind1=" " ind2=" ">
   <subfield code="a">RD 78053</subfield>
   <subfield code="2">rvk</subfield>
   <subfield code="0">(DE-625)rvk/142259:12600</subfield>
  </datafield>
  <datafield tag="084" ind1=" " ind2=" ">
   <subfield code="a">15.52</subfield>
   <subfield code="2">bkl</subfield>
  </datafield>
  <datafield tag="100" ind1="1" ind2=" ">
   <subfield code="a">Leson, Willy</subfield>
   <subfield code="4">aut</subfield>
  </datafield>
  <datafield tag="245" ind1="1" ind2="0">
   <subfield code="a">Rheingau und Taunus</subfield>
   <subfield code="b">Landschaft, Geschichte, Kultur ; Wanderfahrten zwischen Rhein, Lahn, Wetterau und Main</subfield>
   <subfield code="c">Willy Leson</subfield>
  </datafield>
  <datafield tag="263" ind1=" " ind2=" ">
   <subfield code="a">Lw. : DM 28.00</subfield>
  </datafield>
  <datafield tag="264" ind1=" " ind2="1">
   <subfield code="a">Köln</subfield>
   <subfield code="b">Bachem</subfield>
   <subfield code="c">1978</subfield>
  </datafield>
  <datafield tag="300" ind1=" " ind2=" ">
   <subfield code="a">197 S</subfield>
   <subfield code="b">Ill., Kt</subfield>
  </datafield>
  <datafield tag="336" ind1=" " ind2=" ">
   <subfield code="a">Text</subfield>
   <subfield code="b">txt</subfield>
   <subfield code="2">rdacontent</subfield>
  </datafield>
  <datafield tag="337" ind1=" " ind2=" ">
   <subfield code="a">ohne Hilfsmittel zu benutzen</subfield>
   <subfield code="b">n</subfield>
   <subfield code="2">rdamedia</subfield>
  </datafield>
  <datafield tag="338" ind1=" " ind2=" ">
   <subfield code="a">Band</subfield>
   <subfield code="b">nc</subfield>
   <subfield code="2">rdacarrier</subfield>
  </datafield>
  <datafield tag="583" ind1="1" ind2=" ">
   <subfield code="a">Archivierung prüfen</subfield>
   <subfield code="c">20200919</subfield>
   <subfield code="f">DE-640</subfield>
   <subfield code="z">2</subfield>
   <subfield code="2">pdager</subfield>
  </datafield>
  <datafield tag="650" ind1=" " ind2="4">
   <subfield code="a">Rheingau / L. Kultur, Künste</subfield>
  </datafield>
  <datafield tag="650" ind1=" " ind2="4">
   <subfield code="a">Rheingau / P. Bildende Kunst</subfield>
  </datafield>
  <datafield tag="650" ind1=" " ind2="4">
   <subfield code="a">Taunus / L. Kultur, Künste</subfield>
  </datafield>
  <datafield tag="650" ind1=" " ind2="4">
   <subfield code="a">Taunus / P. Bildende Kunst</subfield>
  </datafield>
  <datafield tag="650" ind1=" " ind2="4">
   <subfield code="a">Kunstgeschichte</subfield>
  </datafield>
  <datafield tag="650" ind1=" " ind2="4">
   <subfield code="a">Geistes- und Kulturgeschichte</subfield>
  </datafield>
  <datafield tag="787" ind1="0" ind2="8">
   <subfield code="i">Rezensiert in</subfield>
   <subfield code="a">Fink, Otto E., 1912 - 1991</subfield>
   <subfield code="t">[Rezension von: Willy Leson, Rheingau und Taunus]</subfield>
   <subfield code="d">Braubach : Deutsche Burgenvereinigung, 1978</subfield>
   <subfield code="w">(DE-627)1793860696</subfield>
  </datafield>
  <datafield tag="935" ind1=" " ind2=" ">
   <subfield code="i">Blocktest</subfield>
  </datafield>
  <datafield tag="936" ind1="r" ind2="v">
   <subfield code="a">NR 3800</subfield>
   <subfield code="b">Landesgeschichte</subfield>
   <subfield code="k">Geschichte</subfield>
   <subfield code="k">Landes- und Stadtgeschichte (Allgemeine, Deutsche und Österreichische Landes- und Stadtgeschichte, Ausländische Stadtgeschichte, Geschichte der Auslanddeutschen)</subfield>
   <subfield code="k">Deutsche Landesgeschichte im Einzelnen (einschl. ehemaliger deutscher Gebiete)</subfield>
   <subfield code="k">Hessen (Hessen-Darmstadt, Nassau, Hessen-Kassel)</subfield>
   <subfield code="k">Landesgeschichte</subfield>
   <subfield code="0">(DE-627)1271473747</subfield>
   <subfield code="0">(DE-625)rvk/129311:</subfield>
   <subfield code="0">(DE-576)201473747</subfield>
  </datafield>
  <datafield tag="936" ind1="r" ind2="v">
   <subfield code="a">RD 78053</subfield>
   <subfield code="b">zur Länderkunde</subfield>
   <subfield code="k">Geografie</subfield>
   <subfield code="k">Regionale Geografie</subfield>
   <subfield code="k">Europa</subfield>
   <subfield code="k">Mitteleuropa</subfield>
   <subfield code="k">Deutschland</subfield>
   <subfield code="k">Deutschland (Westliche Länder)</subfield>
   <subfield code="k">Westdeutschland, Mittelgebirgsschwelle</subfield>
   <subfield code="k">Rheinland-Pfalz und Saarland</subfield>
   <subfield code="k">Rheinisches Schiefergebirge (größere Teile in Nordrhein-Westfalen und Hessen gelegen)</subfield>
   <subfield code="k">Westerwald, Taunus (nebst Rheingaugebirge)</subfield>
   <subfield code="k">Unterlagen für die gesamte Geografie</subfield>
   <subfield code="k">Hand-, Lehr- und Schulbücher sowie Sammelwerke zur Gesamtgeografie oder zu größeren Teilgebieten</subfield>
   <subfield code="k">Hand- (und Lehr)bücher der gesamten Geografie (oder größerer Teil- gebiete)</subfield>
   <subfield code="k">zur Länderkunde</subfield>
   <subfield code="0">(DE-627)1271759047</subfield>
   <subfield code="0">(DE-625)rvk/142259:12600</subfield>
   <subfield code="0">(DE-576)201759047</subfield>
  </datafield>
  <datafield tag="936" ind1="b" ind2="k">
   <subfield code="a">15.52</subfield>
   <subfield code="j">Hessen</subfield>
   <subfield code="x">Geschichte</subfield>
   <subfield code="q">coli-conc RVK-&gt;BK</subfield>
   <subfield code="q">https://coli-conc.gbv.de/api/mappings/fa080260-8d54-48fb-834b-ebaf94c9fce6</subfield>
   <subfield code="0">(DE-627)181571587</subfield>
  </datafield>
  <datafield tag="951" ind1=" " ind2=" ">
   <subfield code="a">BO</subfield>
  </datafield>
  <datafield tag="991" ind1=" " ind2=" ">
   <subfield code="a">Rezensiertes Werk</subfield>
  </datafield>
  <datafield tag="999" ind1=" " ind2=" ">
   <subfield code="a">KXP-PPN011241063</subfield>
   <subfield code="e">4184330649</subfield>
  </datafield>
 </record>
</collection>
